| 000 | 01120cam a22003617a 4500 | ||
|---|---|---|---|
| 001 | 000089846 | ||
| 003 | CHAP | ||
| 005 | 20220329142654.0 | ||
| 008 | 020912s2000 co a r 00010 spa d | ||
| 010 | _a86315 | ||
| 011 | _a87287 | ||
| 020 | _a9584100378 | ||
| 035 | _a97830 | ||
| 040 | _cCHAP | ||
| 082 | 0 | 4 |
_a658.31 _bC4Y 2000 |
| 100 | 0 | 0 |
_aChiavenato, Idalberto. _922257 |
| 245 | 1 | 0 |
_aAdministración de recursos humanos / _c/por Idalberto Chiavenato. |
| 250 | _a5 ed. | ||
| 260 |
_aSantafé de Bogotá, Col. : _bMcGraw-Hill, _c2000. |
||
| 300 |
_a699 p. : _bgráfs. |
||
| 590 |
_aBATCH-UPD _b10 _c20130110 _lUCH01 _h1705 |
||
| 590 |
_aBATCH-UPD _b10 _c20130410 _lUCH01 _h1052 |
||
| 590 |
_aBATCH-UPD _b10 _c20130914 _lUCH01 _h0922 |
||
| 590 |
_aCONVERSION _b10 _c20130109 _lUCH01 _h1348 |
||
| 590 |
_aE11695DGD _b10 _c20131009 _lUCH01 _h1147 |
||
| 650 | 1 | 4 |
_aPersonal _xAdministración de. _987325 |
| 650 | 1 | 4 |
_aRecursos humanos. _995137 |
| 901 | _aBK | ||
| 905 | _aMayto Villalobos S. | ||
| 942 | _cLIBRO | ||
| 942 | _n0 | ||
| 949 |
_a658.31 C4Y 2000 _bBC _cLIBRO _d33724000876322 _eLIBRO _h102982 _i97830 _si _t$274.00 |
||
| 999 |
_c86315 _d86315 |
||